00821cam a22002291 4500001001300000003000400013005001700017008004100034010001700075035002000092040001700112042001200129050001700141110008300158245012400241260006000365300002700425500005700452650002400509710004100533999001700574sa 67002081 DLC20260227112328.0860130s1964 ii a 000 0 eng  asa 67002081  a(OCoLC)13082610 aDLCcCUdDLC apremarc00aHD3538b.A652 aAll India Seminar on Cooperative Industrial Estatesd(1964 :cKolhapur, India)10aAll India Seminar on Cooperative Industrial Estatesb[Report of the proceedings, recommendations and background papers] aNew Delhi,bNational Cooperative Union of Indiac[1964] a105 p.billus.c24 cm. aConvened by the National Cooperative Union of India. 0aCooperationzIndia.2 aNational Cooperative Union of India. c73031d73031